Pharmaceutical Engineering (Record no. 8746)

MARC details
000 -LEADER
fixed length control field 00545nam a22001817a 4500
003 - CONTROL NUMBER IDENTIFIER
control field OSt
008 - FIXED-LENGTH DATA ELEMENTS--GENERAL INFORMATION
fixed length control field 200709b ||||| |||| 00| 0 eng d
020 ## - INTERNATIONAL STANDARD BOOK NUMBER
International Standard Book Number 9789388194136
082 ## - DEWEY DECIMAL CLASSIFICATION NUMBER
Classification number 610.28 USP
100 ## - MAIN ENTRY--PERSONAL NAME
Personal name Usman, Rageeb,
245 ## - TITLE STATEMENT
Title Pharmaceutical Engineering
250 ## - EDITION STATEMENT
Edition statement 2018
260 ## - PUBLICATION, DISTRIBUTION, ETC. (IMPRINT)
Place of publication, distribution, etc N Delhi
Name of publisher, distributor, etc Nirali Prakashan
Date of publication, distribution, etc 2018
300 ## - PHYSICAL DESCRIPTION
Extent 11.22
650 ## - SUBJECT ADDED ENTRY--TOPICAL TERM
Topical term or geographic name as entry element Pharmaceutics- Drug Delivery Systems,Pharmaceutical Engineering regulraty Science
700 ## - ADDED ENTRY--PERSONAL NAME
Personal name Vaibhavkumar A. Jagtap, Atish A. Salunkhe and Neelesh Chaubey
942 ## - ADDED ENTRY ELEMENTS (KOHA)
Source of classification or shelving scheme Dewey Decimal Classification
Koha item type Text Books
Holdings
Withdrawn status Lost status Source of classification or shelving scheme Damaged status Not for loan Collection code Home library Current library Date acquired Source of acquisition Currency Cost, normal purchase price Bill Number Total Checkouts Full call number Acc. no. / Barcode Date last seen Date last borrowed Actual Cost, discounted price Bill Date Koha item type
    Dewey Decimal Classification     B.Pharma PIET C-LIBRARY PIET C-LIBRARY 01/02/2020 Kirti Prakashan Indian Rup 175.00 IN6233 6 610.28 USP BP1109 22/05/2024 09/05/2024 129.50 01/02/2020 Reference Books
    Dewey Decimal Classification     B.Pharma PIET C-LIBRARY PIET C-LIBRARY 01/02/2020 Kirti Prakashan Indian Rup 175.00 IN6233 9 610.28 USP BP1110 09/09/2025 22/08/2025 129.50 01/02/2020 Text Books
    Dewey Decimal Classification     B.Pharma PIET C-LIBRARY PIET C-LIBRARY 01/02/2020 Kirti Prakashan Indian Rup 175.00 IN6233 10 610.28 USP BP1111 27/02/2026 12/02/2026 129.50 01/02/2020 Text Books

Design & Developed by: PIET Central Library
R70 Miles Stone Pattikalyana Samalkha Panipat 132102
mail ID :- [email protected], Phone No:- 0180-2569700 Ex.216